A handbook of sociology / (Record no. 33756)
[ view plain ]
| 000 -LEADER | |
|---|---|
| fixed length control field | 00901nam a22002771 4500 |
| 001 - CONTROL NUMBER | |
| control field | 33756 |
| 003 - CONTROL NUMBER IDENTIFIER | |
| rucl marc code | BD-RjUL |
| 005 - DATE AND TIME OF LATEST TRANSACTION | |
| control field | 20211209052044.0 |
| 008 - FIXED-LENGTH DATA ELEMENTS--GENERAL INFORMATION | |
| fixed length control field | 140511s19721966enk b 001 0 eng d |
| 035 ## - SYSTEM CONTROL NUMBER | |
| System control number | (BD-RjUL)33847 |
| System control number | (OCoLC)254603 |
| 040 ## - CATALOGING SOURCE | |
| Original cataloging agency | DLC |
| Transcribing agency | ODaWU |
| Modifying agency | Uk |
| -- | DLC |
| -- | BD-RjUL |
| Language of cataloging | eng |
| 041 ## - LANGUAGE CODE | |
| Language code of text/sound track or separate title | eng |
| 082 00 - DEWEY DECIMAL CLASSIFICATION NUMBER | |
| Classification number | 301 |
| Author mark and year | OGH 1972 |
| 100 1# - MAIN ENTRY--PERSONAL NAME | |
| Personal name | Ogburn, William Fielding |
| Dates associated with a name | 1886-1959. |
| 9 (RLIN) | 100618 |
| 245 12 - TITLE STATEMENT | |
| Title | A handbook of sociology / |
| Statement of responsibility, etc. | William Fielding Ogburn and Meyer F. Nimkoff |
| 250 ## - EDITION STATEMENT | |
| Edition statement | 2nd. Indian Reprinted |
| 260 ## - PUBLICATION, DISTRIBUTION, ETC. (IMPRINT) | |
| Name of publisher, distributor, etc. | Delhi : |
| Date of publication, distribution, etc. | 1966 [Indian Reprinted 1972] |
| Place of publication, distribution, etc. | Rajendra Priters Ltd, |
| 300 ## - PHYSICAL DESCRIPTION | |
| Pagination | xvi, 644 p. ; |
| Size | 23 cm. |
| 504 ## - BIBLIOGRAPHY, ETC. NOTE | |
| Bibliography, etc | Includes bibliographical references and Index. |
| 650 #0 - SUBJECT ADDED ENTRY--TOPICAL TERM | |
| Topical term or geographic name as entry element | Sociology. |
| 9 (RLIN) | 100619 |
| 700 1# - ADDED ENTRY--PERSONAL NAME | |
| Personal name | Nimkoff, Meyer Francis, |
| Dates associated with a name | 1904- |
| Relator term | joint author. |
| 942 ## - ADDED ENTRY ELEMENTS (KOHA) | |
| Source of classification or shelving scheme | Dewey Decimal Classification |
| Koha item type | Books |
| Lost status | Source of classification or shelving scheme | Damaged status | Not for loan | Collection code | Permanent Location | Current Location | Shelving location | Date acquired | Source of acquisition | Cost, normal purchase price | Total Checkouts | Full call number | Date last seen | Date checked out | Copy number | Koha item type |
|---|---|---|---|---|---|---|---|---|---|---|---|---|---|---|---|---|
| Dewey Decimal Classification | Non-fiction | Central Library, University of Rajshahi | Central Library, University of Rajshahi | 19/02/1974 | U.S.Govt. Gift | 0.00 | 2 | 301 OGH 1972 | 12/03/2016 | 09/03/2016 | C-2 | Books | ||||
| Dewey Decimal Classification | Non-fiction | Central Library, University of Rajshahi | Central Library, University of Rajshahi | 28/01/1956 | marsall | 18.00 | 301 OGH 1972 | 20/12/2016 | C-3 | Books |